Statystyki dla Piłka nożna quiz #28 - Kluby piłkarskie

Kliknij tutaj aby rozwiązać quiz!

Ogólne statystyki

  • Ten quiz został rozwiązany 333 razy
  • Średni wynik to 8 z 15

Statystyki odpowiedzi

ZagadnienieOdpowiedź% Poprawnych
Która nazwa klubu jest prawdziwa?Arka Gdynia
99%
Która nazwa klubu jest prawdziwa?Stal Mielec
98%
Która nazwa klubu jest prawdziwa?Ruch Chorzów
97%
Która nazwa klubu jest prawdziwa?Znicz Pruszków
93%
Która nazwa klubu jest prawdziwa?Motor Lublin
91%
Która nazwa klubu jest prawdziwa?Stomil Olsztyn
86%
Która nazwa klubu jest prawdziwa?Broń Radom
57%
Która nazwa klubu jest prawdziwa?Iskra Stolec
47%
Która nazwa klubu jest prawdziwa?Concordia Elbląg
41%
Która nazwa klubu jest prawdziwa?Zapał Krzętów
31%
Która nazwa klubu jest prawdziwa?Huragan Bobrowniki
30%
Która nazwa klubu jest prawdziwa?Fair Play Kutno
20%
Która nazwa klubu jest prawdziwa?Gnojownik Kurzeszyn
14%
Która nazwa klubu jest prawdziwa?Egipt Krzyżowice
12%
Która nazwa klubu jest prawdziwa?Jaga Lututów
7%

Rozkład punktacji

Percentyl według liczby udzielonych odpowiedzi

Procent ludzi z każdym wynikiem

Twoja historia wyników

Nie rozwiązałeś tego quizu